All "reputation" Songs - Taylor Swift - Statistics

General Stats
  • This quiz has been taken 386 times
  • The average score is 13 of 15
Answer Stats
Hint Answer % Correct
1 ...Ready For It?
98%
5 Delicate
94%
6 Look What You Made Me Do
94%
2 End Game
92%
12 Dress
91%
9 Getaway Car
91%
15 New Year's Day
91%
8 Gorgeous
89%
11 Dancing With Our Hands Tied
88%
10 King Of My Heart
87%
14 Call It What You Want
86%
4 Don't Blame Me
86%
3 I Did Something Bad
86%
7 So It Goes...
85%
13 This Is Why We Can't Have Nice Things
85%
No matching quizzes found
Score Distribution
Percent of People with Each Score
Percentile by Number Answered
Your Score History
You have not taken this quiz